Sports Quiz

Random Sports or NBA Quiz

NBA Draft Busts Quiz Stats

 Plays Quiz Updated Feb 25, 2018

Challenge
Share
Tweet
Embed
Score 0/20 Timer 10:00
2 Plays Today
% Correct
Greg Oden
82.2%
Darko Milicic
79.7%
Anthony Bennett
78.9%
Kwame Brown
71.8%
Jonny Flynn
71.6%
Sam Bowie
68.2%
Hasheem Thabeet
62.9%
Nikoloz Tskitishvili
60.4%
Adam Morrison
58%
Michael Olowokandi
56.7%
% Correct
Shawn Bradley
54%
Robert Traylor
47.4%
Joe Smith
40.1%
Danny Ferry
32.4%
Jonathan Bender
32.2%
Chris Washburn
28.3%
Todd Fuller
27.8%
LaRue Martin
27.8%
Kent Benson
23.1%
Ken Durrett
21.4%

You're not logged in!

Compare scores with friends on all Sporcle quizzes.
OR
Log In

You Might Also Like...

Show Comments

Extras

Top Quizzes Today


Score Distribution

Your Account Isn't Verified!

In order to create a playlist on Sporcle, you need to verify the email address you used during registration. Go to your Sporcle Settings to finish the process.

Report this User

Report this user for behavior that violates our Community Guidelines.

Details: